Porce III proyecto hidroeléctrico: (Registro nro. 17458)

Detalles MARC
000 -CABECERA
Campo de control 01348nam a22003017a 4500
005 - FECHA Y HORA DE LA ULTIMA TRANSACCION
Campo de control 20160330020002.0
008 - ELEMENTOS DE LONGITUD FIJA—INFORMACION GENERAL
Campo de control 150609b2012 ck ||||| |||| 00| 0 spa d
020 ## - ISBN
ISBN 9789585712669
040 ## - FUENTE DE CATALOGACIÓN
Agencia catalogadora original CO-BoIAVH
Agencia transcriptora CO-BoIAVH
041 #0 - IDIOMA
Código de idioma para texto/pista de sonido o título separado Español
044 ## - PAÍS DE PUBLICACIÓN
País de publicación Colombia
082 #4 - NUMERO DE CLASIFICACION DECIMAL DEWEY
Número de clasificación 577.506
Número del ítem E64p2
110 1# - ASIENTO PRINCIPAL--NOMBRE CORPORATIVO
Nombre corporativo o de jurisdicción como elemento de entrada Empresas Públicas de Medellín-EPM
245 1# - MENCION DE TITULO
Título Porce III proyecto hidroeléctrico:
Parte restante del título Estudios de Arqueología preventiva/
Mención de responsabilidad Empresas Públicas de Medellín-EPM
250 ## - MENCION DE EDICION
Mención de edición 1a. Ed.
260 #3 - PUBLICACION, DISTRIBUCION, ETC. (PIE DE IMPRENTA)
Lugar de publicación, distribución, etc. Medellín:
Nombre del editor, distribuidor, etc. Empresas Públicas de Medellín,
Fecha de publicación, distribución, etc. 2012.
300 ## - DESCRIPCION FISICA
Extensión 391 p.
Otros detalles físicos map., graf., tab.,il., col., fot.
Dimensiones 24 cm.
490 ## - MENCION DE SERIE
Mención de serie Porce III proyecto hidroeléctrico
504 ## - NOTA DE BIBLIOGRAFIA, ETC.
Nota de bibliografía Incluye bibliografía.
520 ## - NOTA DE RESUMEN, ETC.
Nota de resumen Desde la iniciación del proyecto se realizaron estudios de prospección y evaluación que permitieron identificar el patrimonio que pudiera resultar afectado por la construcción central y sus obras complementarias. Con este fin se desarrollo un plan que garantizara el manejo integral y responsable de los impactos.
650 #4 - ASIENTO SECUNDARIO DE MATERIA - TERMINO TEMATICO
Término temático o nombre geográfico como elemento de entrada Arqueología
Subdivisión geográfica Antioquia
650 #4 - ASIENTO SECUNDARIO DE MATERIA - TERMINO TEMATICO
Término temático o nombre geográfico como elemento de entrada Sitios arqueológicos
Subdivisión geográfica Antioquia
650 #4 - ASIENTO SECUNDARIO DE MATERIA - TERMINO TEMATICO
Término temático o nombre geográfico como elemento de entrada Gestión cultural
Subdivisión geográfica Antioquia
700 1# - ASIENTO SECUNDARIO - NOMBRE PERSONAL
Nombre personal Botero Páez, Sofía
700 1# - ASIENTO SECUNDARIO - NOMBRE PERSONAL
Nombre personal Santos, Gustavo
700 1# - ASIENTO SECUNDARIO - NOMBRE PERSONAL
Nombre personal Cardona, Luis
942 ## - ELEMENTOS ADICIONALES (KOHA)
Sistema de clasificación Dewey Decimal Classification
Tipo de ítem Libro
Koha issues (borrowed), all copies 1
Existencias
Withdrawn status Lost status Sistema de Clasificación Damaged status No para préstamo Colección Inventariado Ubicación Permanente Ubicación actual Fecha de adquisición Fuente de Valor Valor Total Checkouts Número topográfico Inventario / Código de Barras Date last seen Date checked out Ejemplar Price effective from Forma de adquisición Tipo de material
    Dewey Decimal Classification     General Inventariado 2017 Bogotá Bogotá 09/06/2015 Instituto 39000.00 1 LB-577.506 E64p2 039060 29/03/2016 29/03/2016 Ej. 1 09/06/2015   Libro